| 000 | 01062nam a2200229 i 4500 | ||
|---|---|---|---|
| 001 | 163411 | ||
| 003 | ES-MaACL | ||
| 005 | 20251011063145.0 | ||
| 008 | 050721s1889 fr | |||||||| ||spa d | ||
| 100 | 1 |
_aReyes, Antonio de los, _c(O.P.) _9131754 |
|
| 245 | 1 | 0 |
_aArte en lengua mixteca / _ccompuesta por el Padre Fray Antonio de los Reyes, de la orden de Predicadores, vicario de Tepuzculula ; publié par le Comte H. de Charencey. |
| 260 |
_a[Alençon : _bs.n., _c1889] ( _fTyp. E. Renaut-de Broise) |
||
| 300 |
_a[6], VIII, 96 p. ; _c22 cm. |
||
| 530 | _aDisponible en formato digital. | ||
| 534 |
_pReprod. facsímil de la ed. de: _cMéxico: en casa de Pedro Balli, 1593. |
||
| 650 | 4 |
_aLengua mixteca. _9136366 |
|
| 650 | 4 |
_aIndios de México- _xLenguas. _913697 |
|
| 700 | 1 |
_aCharencey, Hyacinthe de ( _d1832-1916) _9155471 |
|
| 852 |
_aES-MaACL _jG-2662(3) _z- Enc. hol., falto de cub. original _z- Enc. en un vol. facticio |
||
| 856 |
_uhttps://archive.org/details/arteenlenguamixt00reye _zInternet Archive |
||
| 999 |
_c163411 _d163411 |
||